书目信息 |
| 书名: | The world as I see it | |
| 作者: | Tr. by Alan Harris. | |
| 分册号: | ||
| 分册名: | 出版地: | New York : |
|
| 出版社: | Philosophical Library | |
| 出版时间: | [1949]. | |
| 页数: | xiii, 112 p. ; | |
| 开本: | 17 cm. | |
| 丛书名: | ||
| 中图分类号: | ||
| 科图分类号: | ||
| 其他分类号: | Q171 | |
| 主题词: | ||
| 电子资源: | ||
| 000 | 00885cam a22003251 450 | |
| 001 | E0742081724 | |
| 005 | 20070711114350.20 | |
| 008 | 741118s1949 nyu 000 0 eng | |
| 010 | @a49010555 | |
| 020 | @a080650711X. | |
| 035 | @a(OCoLC)1077784 | |
| 035 | @A(DLC) 49010555 | |
| 040 | @aDLC@cOClU@dOCoLC@dDLC | |
| 041 | 1 | @aengund |
| 042 | @apremarc | |
| 050 | 00 | @aAC35@b.E528 |
| 082 | @a081 | |
| 090 | @aQ171 | |
| 099 | @dQ171@ex61 | |
| 100 | 1 | @aEinstein, Albert,@d1879-1955. |
| 245 | 14 | @aThe world as I see it / @cTr. by Alan Harris. |
| 250 | @a[Abridged ed.]. | |
| 260 | @aNew York :@bPhilosophical Library,@c[1949]. | |
| 300 | @axiii, 112 p. ;@c17 cm. | |
| 650 | 0 | @aPhysics. |
| 650 | 0 | @aJews. |
| 650 | 0 | @aPeace. |
| 906 | @a7@bcbc@coclcrpl@du@encip@f19@gy-gencatlg | |
| 985 | @eOCLC REPLACEMENT cdsdistr | |
| 991 | @bc-GenColl@hAC35@i.E528@tCopy 1 | |
| The world as I see it / / Tr. by Alan Harris.-[Abridged ed.].-New York : : Philosophical Library, , [1949]. |
| xiii, 112 p. ; ; 17 cm. |
| ISBN 080650711X. |
| ● |
| 相关链接 |
|
|
|
|
正题名:world as I see it
索取号:Q171/x61
 
预约/预借
| 序号 | 登录号 | 条形码 | 馆藏地/架位号 | 状态 | 备注 |
| 1 | 0011779 | 300117790 | 第二样本阅览室/ [索取号:Q171/x61] | 在馆 |